LEADER 01943nam a2200373 i 4500 001 000000248474 003 CaOOAMICUS 005 20240123145344.0 008 160325s1748 po u000 u por u 013 $a227379 026 $anse- a-as Not, goCo (3) 1748 (R) 040 $aSeMil$bita 110 2 $aChiesa Cattolica.$0(OLS)http://semarc/name/987 245 10$aMartyrologio romano dado à luz por mandado do Papa Gregorio 13. e novamente accrescentado por authoridade do Papa Clemente 10. ajuntou-se a esta edição a memoria de todos os Santos, que até o presente forão canonizados pelos Summos Pontifices .. 260 $aLisboa :$bNa Regia Officina Sylviana, e da Academia Real,$c1748. 300 $a[4], XLII, 417, [1], 121, [1] p. ;$c4º. 500 $aIniz. xilogr. 500 $aVignetta calcogr. sul front. 500 $aFront. e testo stampati in rosso e nero 650 4$aMartirologio romano.$0(OLS)http://semarc/subject/8448 700 0 $aGregorius XIII,$c.$0(OLS)http://semarc/name/12756 700 0 $aClemens X,$c.$0(OLS)http://semarc/name/25555 710 2 $aRegia Officina Sylviana$c.$0(OLS)http://semarc/name/83085 850 $aSeMil 852 $aSeMil$W1$xVenegono$y1$m3K III 64 FA$j198820$B198820$CSeMilBibl$Z2$F210124 $8I 900 0 $aClemente X$c. 900 0 $aGregorio XIII$c. 910 2 $aSanta Sede. 996 $6245$aMartyrologio romano dado à luz por mandado do Papa Gregorio 13. e novamente accrescentado por authoridade do Papa Clemente 10. ajuntou-se a esta edição a memoria de todos os Santos, que até o presente forão canonizados pelos Summos Pontifices ..$9(OLS)http://semarc/title/350626 996 $6260$aLisboa :$bNa Regia Officina Sylviana, e da Academia Real$9(OLS)http://semarc/publisher/55269 LEADER 01296nam a2200277 4500 001 000000361072 003 CaOOAMICUS 005 20241206113041.0 008 241206s2005 it 000 u ita r 020 $a88-215-5330-2 040 $aSeMil$bita 100 1 $aCurtaz, Paolo,$d<1965- >.$0(OLS)http://semarc/name/22436 245 10$aConvertirsi alla gioia :$brilettura "intrigante" dei racconti della resurrezione /$cPaolo Curtaz. 264 1$aCinisello Balsamo :$bSan Paolo,$c2005. 300 $a111 p. ;$c20 cm 490 1 $aParole per lo spirito ;$v12 650 4$aBibbia - NT - Vangeli - Gesù Cristo - Resurrezione.$0(OLS)http://semarc/subject/49476 650 4$aBibbia - NT - Vangeli - Meditazioni.$0(OLS)http://semarc/subject/459 830 0$aParole per lo spirito ;$v12.$0(OLS)http://semarc/title/32563 850 $aSeMil 852 $aSeMil$W1$xVenegono$y1$m2V VII 71$j269392$B252049$CSeMilBibl$Z2$F252049 $81 961 $aBuzzi mons. Franco - Omaggio 996 $6020$a88-215-5330-2$9(OLS)http://semarc/number/302019 996 $6245$aConvertirsi alla gioia :$brilettura "intrigante" dei racconti della resurrezione$9(OLS)http://semarc/title/451707 996 $6264$aCinisello Balsamo :$bSan Paolo$9(OLS)http://semarc/publisher/30129